00452nam a22001337a 4500082001200000100001900012245005300031260006800084300000700152650001900159942000700178952011600185999001700301 a270 BEN aBenedict, Pope aChurch in the Middle East: Communion and Witness aTrivandrum, KeralabCarmel International Publishing Housec2012 a88 aChurch History cBK 001040708NFICaHMIbHMIcGENd2017-08-24eOm Books Foundationl0o270 BENp25343r2017-09-07w2017-09-07yBK c20617d20617